Movies Quiz

Random Movies or Clickable Quiz

Fight Club Clickable Rules Quiz Stats

 Plays Quiz Updated Oct 29, 2018

Challenge
Share
Tweet
Embed
Score 0/8 Timer 04:00
4 Plays Today
% Correct
You DO NOT talk about Fight Club.
89.2%
You do not talk about Fight Club.
87.2%
If this is your first night at Fight Club, you have to fight.
80.8%
Only two guys to a fight.
74.7%
Fights will go on as long as they have to.
71.4%
One fight at a time.
67.6%
If someone says 'stop' or goes limp, taps out--the fight is over.
67.4%
No shirts, no shoes.
56%

You're not logged in!

Compare scores with friends on all Sporcle quizzes.
Join for Free
OR
Log In

You Might Also Like...

Show Comments

Extras

Top Quizzes Today


Score Distribution

Your Account Isn't Verified!

In order to create a playlist on Sporcle, you need to verify the email address you used during registration. Go to your Sporcle Settings to finish the process.

Report this User

Report this user for behavior that violates our Community Guidelines.

Details: